000 00618nam a22001937a 4500
005 20180423145830.0
010 _aENG-122779
020 _a9789382420774
_c995.00
035 _aEN-106311
037 _bDBAD/PUB
082 0 0 _a954.08
100 _aPalit, Chittabrata
245 1 0 _aThe history of british india /
_cby Chittabrata Palit
260 _aNew Delhi
_bKunal Books
_c2018
270 _a4648/21, First Floor, Ansari Road, Daryaganj
_bNew Delhi
_e110002
_k011-23275069
_mkunalbooks@gmail.com
300 _a350p.
_c22 cm.(Hb)
500 _aIt include index
942 _2ddc
_cEN
_h954.08
_mPAL
999 _c151686
_d151686